000 00411nam a2200145Ia 4500
001 1255
008 241024s9999 xx 000 0 und d
082 _aRD/350.3387/C172g
100 _aRepública Dominicana. Cámara de Cuentas de la República Dominicana
245 0 _aGuía para el Sujeto de fiscalización
260 _bSanto Domingo
_c2010
590 _asi
901 _a4/3/2011 8:40:28 a.m.
999 _c9499
_d9499